Least Populous Countries by Region Quiz Stats

 Plays Quiz not verified by Sporcle

Score 0/22 Timer 04:00
0 Plays Today
Geoscheme Country % Correct
Southern EuropeVatican City
96.6%
Northern AmericaCanada
93.9%
South AmericaSuriname
93.9%
Central AmericaBelize
93.3%
Western EuropeMonaco
91.1%
Northern EuropeIceland
88.8%
Southern AfricaSwaziland
87.7%
Australia and New ZealandNew Zealand
87.2%
MicronesiaNauru
87.2%
Eastern AfricaSeychelles
84.9%
CaribbeanDominica
83.2%
Geoscheme Country % Correct
PolynesiaTuvalu
82.7%
South-Eastern AsiaBrunei
81.6%
Eastern EuropeMoldova
78.8%
Middle AfricaSão Tomé and Principe
77.7%
Southern AsiaMaldives
76.5%
Western AfricaCape Verde
75.4%
MelanesiaVanuatu
75.4%
Northern AfricaLibya
74.9%
Central AsiaTurkmenistan
67%
Eastern AsiaMongolia
64.8%
Western AsiaCyprus
48.6%

You're not logged in!

Compare scores with friends on all Sporcle quizzes.
OR
Log In

Show Comments

Extras

Top Quizzes Today


Score Distribution

Your Account Isn't Verified!

In order to create a playlist on Sporcle, you need to verify the email address you used during registration. Go to your Sporcle Settings to finish the process.

Report this User

Report this user for behavior that violates our Community Guidelines.

Details: